A FINTECH (FINANCIAL TECHNOLOGY) LEHETŐSÉGEI ÉS HATÁSAI A PÉNZÜGYI SZEKTORBAN

Bibliográfiai részletek
Szerző: Szalai Gergely
További közreműködők: Kása Dr. Richárd
Dokumentumtípus: Diplomadolgozat
Kulcsszavak:FinTech
pénzügy
innováció
Online Access:http://dolgozattar.uni-bge.hu/11191

MARC

LEADER 00000nta a2200000 i 4500
001 dolg11191
005 20170512145109.0
008 170512suuuu hu om 000 hun d
040 |a BGE Dolgozattár Repozitórium  |b hun 
041 |a hu 
100 1 |a Szalai Gergely 
245 1 2 |a A FINTECH (FINANCIAL TECHNOLOGY) LEHETŐSÉGEI ÉS HATÁSAI A PÉNZÜGYI SZEKTORBAN  |c Szalai Gergely  |h [elektronikus dokumentum] 
246 1 1 |a A FINTECH (FINANCIAL TECHNOLOGY) LEHETŐSÉGEI ÉS HATÁSAI A PÉNZÜGYI SZEKTORBAN 
695 |a FinTech 
695 |a pénzügy 
695 |a innováció 
700 1 |a Kása Dr. Richárd  |e ths 
856 4 0 |u http://dolgozattar.uni-bge.hu/11191/1/Szakdolgozat%20mell%C3%A9kletekkel.pdf  |z Dokumentum-elérés